000 01218nam a22003377a 4500
001 9786210800296
003 URS
005 20250313162358.0
008 250213b |||||||| |||| 00| 0 eng d
020 _a9786210800296
040 _beng
_cURS
_dURS
_erda
050 1 4 _aQA 37
_bM3141 2023
245 1 0 _aMathematics in the modern world /
_cCatherine O. Hengania, Eusebio R. Lina, Jr., Paterno S. Baguinat III, Stephanie M. Trangia, Venus G. Apdian, Jedifel M. Yburan, Eugene G. Beringuel, Joicelyn A. Bacus
264 1 _aMalabon City
_bMutya Publishing House, Inc
_c[2023]
264 4 _c2023
300 _a250 pages
_c26 cm
336 _2rdacontent
_atext
337 _2rdamedia
_aunmediated
338 _2rdacarrier
_avolume
650 0 _aMathematics
_xStudy and teaching
700 1 _aHengania, Catherine O.
_eauthor.
700 1 _aLina, Eusebio R., Jr.
_eauthor
700 1 _aBaguinat, Paterno S., III,
_eauthor
700 1 _aTrangia, Stephanie M.
_eauthor
700 1 _aApdian, Venus G.
_eauthor
700 1 _aYburan, Jedifel M.
_eauthor
700 1 _aBeringuel, Eugene G.
_eauthor
700 1 _aBacus, Joicelyn A.
_eauthor
710 2 _aMutya Publishing House, Inc.
_epublisher
942 _2lcc
_cF
999 _c82293
_d82292